000 02491nam0a2200421 4500
001 RU\NLR\BIBL_A\016270657
005 20230522175800.0
010 _a978-5-04-107003-8
_912000
021 _aRU
_bАЛ-П-22-01183и
_9АЛ-П-22-0237
035 _a(NLR Aleph) 016270657
035 _a(RuMoRGB)011476860
090 _a12885191
_c12885191
100 _a20230127d2023 u y0rusy50 ca
101 1 _arus
_ceng
102 _aRU
105 _aa t 000ay
181 0 _ai1
_baxxe
181 0 _ab3
_bab2e
182 0 _an
200 1 _aСеребряные глаза
_eграфический роман
_fСкотт Коутон, Кира Брид-Райсли, Клаудия Шрёдер
_g[перевод с английского А. В. Захарова]
203 _aТекст
_aИзображение
_bвизуальные
_cнепосредственные
210 _aМосква
_cЭксмо
_d2023 [т. е. 2022]
215 _a183, [8] с.
_cцв. ил.
_d23
225 1 _aFive nights at freddy's
300 _aКн. фактически изд. в 2022 г.
330 _aЧарли, дочь владельца пиццерии "У Фредди Фазбера" и создателя аниматроников, после многих лет возвращается в родной городок. Встреча со старыми друзьями, веселые (а иногда и очень страшные) воспоминания, давние позабытые тайны... Чарли с друзьями решают ещё разок сходить в заброшенную пиццерию и внутри встречают ночного сторожа. Но что там делать сторожу?! Ребята решают попросить его о помощи, ведь он наверняка знает об этом помещении всё. Однако они и подумать не могли, что из пиццерии вернутся не все..
333 _a16+
686 0 _aШ9(7США)62-4
686 0 _aЩ153(7США)6-475
700 1 _aКоутон
_bС.
_f1971-
_gСкотт
_3RU\NLR\AUTH\770183427
701 1 _aБрид-Райсли
_bК.
_gКира
_3RU\NLR\AUTH\770183426
701 1 _aШрёдер
_bК.
_gКлаудия
942 _cBOOK
980 _aNB